01268nam a2200229 a 450000100100000000500170001000800410002704000250006804100380009308200150013110000290014624000510017524500950022626000380032130000280035950503890038753400750077670000420085104900090089395201190090299900170102100002644820200930030229.0110318s1968 ck a r 000 0 spa d aDO-SdBNPbspacBNPHU17aspahspa2Código de idioma MARC axxxbH232n1 aHamrin, Gerald W.95350310a4 square planning for your career.lEspañol.10aNuevos mundos :bnuevos rumbos /cGerald W Hamrin ; traducción Gonzalo Arboleda Palacio. aCali, (Colombia) :bNorma,c1968. a158 p. :bil. ;c21 cm.0 aHacia madurez vocacional -- No crea en la magia -- Como planear su escogencia -- Necesidades humanas comunes -- Explorando su cultura -- Los intereses como indicadores -- Intereses reales e imaginarios -- La exploración de las habilidades -- El factor de la personalidad -- Un mundo de ocupaciones -- Nuevos mundos...Nuevos rumbos -- Pensándolo bien -- Una vida plena -- En marcha aTítulo del original en inglés:t4 square planning for your career,1 aArboleda Palacio, Gonzaloetr.953504 aBNGR 001054708MOaGRbGRcCTd2011-03-18iLF1l0oxxx H232np26448-10r2020-06-25w2020-06-25y4ZPréstamo en sala c25940d25940